000 00536cam a22002291 4500
001 sa 65008684
003 DLC
005 20260227112156.0
008 890619s1963 ii 000 0 urdr
010 _asa 65008684
035 _a(OCoLC)19890368
040 _aDLC
_cWaU
_dDLC
042 _apremarc
050 0 0 _aPK2200.C5
_bD25
100 1 _aChandar, Krishan.
245 1 0 _aDarvāze khol do.
260 _c[1963]
300 _a96 p.
_c18 cm.
500 _aIn Urdu.
500 _aText partially vocalized.
500 _aA play.
999 _c65789
_d65789